00478 2200181 4500001002100000005001500021008004100036020001800077035001900095041000700114082000800121090001400129100001700143245005200160260004700212300002100259650001600280INLIS00000000001348920241224114551241224||||||||| | ||| |||| || |  a979-678-889-6 0010-1224013489 aid0 a300 a300 SRI p0 aSri Hardiany00aILMU PENGETAHUAN SOSIAL untuk SD dan MI kelas 5 aBandungbPT. Sarana Panca Karya Nusac2007 avi+170x17,5x25cm 0aIlmu Sosial